| 000 | 00481nam a2200193Ia 4500 | ||
|---|---|---|---|
| 005 | 20250603144647.0 | ||
| 008 | 250603s9999 xx 000 0 und d | ||
| 020 | _a9780729542890 | ||
| 050 | _aRC 76 .T35/ | ||
| 100 | _aTalley, Nicholas J. | ||
| 245 | 0 | _aClinical examination; a systematic guide to physical diagnosis [Vol.I] | |
| 250 | _a8th ed. | ||
| 260 | _aAustralia | ||
| 260 | _bElsevier | ||
| 260 | _c2019 | ||
| 300 | _a888 p | ||
| 650 | _aAustralia | ||
| 942 | _cBK | ||
| 999 |
_c39574 _d39574 |
||